The physiology of crop yield /

Guardado en:
Autor Principal: Hay, Robert K. M., 1946-
Otros Autores: Porter, John R.
Formato: Libro
Idioma:English
Publicado: Oxford ; Ames, Iowa : Blackwell Pub., c2006.
Edición:2nd ed.
Materias:
Etiquetas: Agregar Etiqueta
Sin Etiquetas, Sea el primero en etiquetar este registro!
LEADER 01377nam a22002415a 4500
001 EEA.libagro008554
005 20170929090715.0
008 130809s2006####enka#####b####000#0#eng#d
020 |z 9781405108591 
082 0 4 |a 581.1 
100 1 |a Hay, Robert K. M.,  |d 1946- 
245 1 4 |a The physiology of crop yield /  |c Robert K.M. Hay, John R. Porter. 
250 |a 2nd ed. 
260 |a Oxford ;  |a Ames, Iowa :  |b Blackwell Pub.,  |c c2006. 
300 |a 314 p. :  |b il. ;  |c 25 cm. 
500 |a Rev. ed. of: An introduction to the physiology of crop yield. 1989. 
504 |a Incluye referencias bibliográficas (p. [277]-307) e índice. 
505 0 |a 1. Introduction -- 2. Development and Phenology. How Crops Fit Their Environment: Concepts and Case Histories -- 3. Interception of Solar Radiation by the Canopy -- 4. Photosynthesis and Photorespiration -- 5. The Loss of CO2: Respiration -- 6. The Partitioning of Dry Matter to Harvested Organs -- 7. Limiting Factors and the Achievement of High Yield -- 8. Physiology of Crop Quality -- 9. The Simulation Modelling of Crops -- 10. The Future for Crop Physiology 
650 7 |a Fisiología vegetal  |2 agrovoc 
650 7 |a Rendimiento de cultivos  |2 agrovoc 
700 1 |a Porter, John R.  |q (John Roy) 
700 1 |a Hay, Robert K. M.,  |d 1946-  |t Introduction to the physiology of crop yield. 
859 |a AR-BbBCA  |b BIB. AGRONOMIA  |h 581.1  |i H412a2  |p 2011/5967